[Event "IV Scaccomatto FIDE"]
[Site "Torino ITA"]
[Date "2002.11.19"]
[Round "4"]
[White "Blauert, Joerg"]
[Black "Mukic, Josko"]
[Result "1-0"]
[WhiteElo "2418"]
[BlackElo "2365"]
[PlyCount "95"]
[EventDate "2002.11.16"]

1. e4 c5 2. c3 e5 3. Nf3 Nc6 4. d4 cxd4 5. cxd4 exd4 6. Nxd4 Nf6 7. Nc3 Bb4 8.
Bc4 O-O 9. O-O Bxc3 10. bxc3 Nxe4 11. Ba3 Re8 12. Nb5 d6 13. Qd5 a6 14. Qxf7+
Kh8 15. Nxd6 Nxd6 16. Bxd6 Be6 17. Bxe6 Qxd6 18. Bb3 Re7 19. Qf3 Ne5 20. Qh3
Rf8 21. Rad1 Qb6 22. Rde1 g5 23. Re3 h6 24. Qg3 Qf6 25. Rfe1 Rfe8 26. Re4 h5
27. Qe3 g4 28. Qd4 Qg7 29. R1e3 Qf6 30. Rf4 Qg6 31. h3 Qg5 32. Bc2 Rd7 33. Qxd7
Nxd7 34. Rxe8+ Kg7 35. g3 Ne5 36. Bb3 Nf3+ 37. Kh1 Qb5 38. Re7+ Kh6 39. Re6+
Kg7 40. Re7+ Kh6 41. Re6+ Kg7 42. c4 Qc5 43. Kg2 Ng5 44. Ref6 Nxh3 45. Rf7+ Kh8
46. Rf8+ Kg7 47. R4f7+ Kh6 48. Bc2 1-0

[Event "IV Scaccomatto FIDE"]
[Site "Torino ITA"]
[Date "2002.11.19"]
[Round "4"]
[White "Castaldo, Folco"]
[Black "Godena, Michele"]
[Result "0-1"]
[WhiteElo "2338"]
[BlackElo "2506"]
[PlyCount "116"]
[EventDate "2002.11.16"]

1. d4 d5 2. c4 e6 3. Nf3 Nf6 4. e3 a6 5. Nbd2 c5 6. cxd5 exd5 7. Be2 Nc6 8.
dxc5 Bxc5 9. O-O O-O 10. Nb3 Ba7 11. Nbd4 Qd6 12. Nxc6 bxc6 13. b3 Re8 14. Bb2
Ne4 15. Nd2 Nxf2 16. Rxf2 Bxe3 17. Nf1 Bxf2+ 18. Kxf2 c5 19. Bf3 Be6 20. Qd2
Rac8 21. Kg1 d4 22. Ng3 Bd7 23. Ne4 Qg6 24. Qf4 Bc6 25. Ng3 Bxf3 26. Qxf3 Re3
27. Qf2 Rce8 28. Rc1 h5 29. Ba3 h4 30. Nf1 Re2 31. Qf3 Rxa2 32. Bxc5 Ree2 33.
Bxd4 Qxg2+ 34. Qxg2 Rxg2+ 35. Kh1 Rgc2 36. Re1 Re2 37. Rc1 Rac2 38. Ra1 Ra2 39.
Rc1 Rac2 40. Ra1 Kh7 41. Kg1 Ra2 42. Rc1 Rg2+ 43. Kh1 Rgc2 44. Re1 Re2 45. Rc1
Rac2 46. Ra1 f6 47. Kg1 Rg2+ 48. Kh1 Rge2 49. Kg1 Ra2 50. Rc1 Rg2+ 51. Kh1 Rgc2
52. Re1 Re2 53. Rxe2 Rxe2 54. b4 Kg6 55. Ne3 Kg5 56. Bc5 h3 57. Kg1 Kf4 58. Nf1
Kf3 0-1

[Event "IV Scaccomatto FIDE"]
[Site "Torino ITA"]
[Date "2002.11.19"]
[Round "4"]
[White "Etchegaray, Patrice"]
[Black "Sarno, Spartaco"]
[Result "1/2-1/2"]
[WhiteElo "2347"]
[BlackElo "2412"]
[PlyCount "90"]
[EventDate "2002.11.16"]

1. e4 d6 2. d4 Nf6 3. Nc3 g6 4. Bg5 Bg7 5. Qd2 O-O 6. f4 c6 7. Bd3 b5 8. Nf3
Bg4 9. O-O Qb6 10. Ne2 Nbd7 11. Kh1 d5 12. e5 Ne4 13. Qe3 f6 14. Bh4 fxe5 15.
fxe5 Nxe5 16. Nxe5 Bxe5 17. Rxf8+ Rxf8 18. Bxe4 dxe4 19. Qxe4 Bxe2 20. Qxe5 Bc4
21. Bxe7 Rf5 22. Qe3 Bd5 23. Kg1 Qc7 24. Bg5 Qd7 25. Bh6 Qe6 26. Qxe6+ Bxe6 27.
Be3 Bd5 28. b3 Rf6 29. a4 Re6 30. Kf2 b4 31. g3 Be4 32. Rc1 Kf7 33. Ke2 Rf6 34.
Bf4 Rf5 35. h4 h5 36. Ke3 Bd5 37. Kd3 g5 38. Bxg5 Rf3+ 39. Be3 Rxg3 40. Rf1+
Ke6 41. Rf4 Rh3 42. Kd2 a6 43. Bf2 Rf3 44. Rxf3 Bxf3 45. Kd3 Kd5 1/2-1/2

[Event "IV Scaccomatto FIDE"]
[Site "Torino ITA"]
[Date "2002.11.19"]
[Round "4"]
[White "Lazic, Miroljub"]
[Black "Piscopo, Pierluigi"]
[Result "1-0"]
[WhiteElo "2461"]
[BlackElo "2272"]
[PlyCount "63"]
[EventDate "2002.11.16"]

1. d4 Nf6 2. g3 c5 3. d5 b5 4. Bg2 Bb7 5. e4 e6 6. c4 exd5 7. cxd5 d6 8. Ne2
Be7 9. O-O Nbd7 10. h3 O-O 11. f4 Ne8 12. g4 g6 13. g5 Qb6 14. Be3 f5 15. exf5
Rxf5 16. Ng3 Rf7 17. f5 gxf5 18. Nxf5 Kh8 19. Nd2 Ng7 20. Nxg7 Rxg7 21. Ne4 Qd8
22. h4 Nb6 23. Ng3 Nc4 24. Bc1 Bc8 25. Nh5 Rg6 26. b3 Ne5 27. Bb2 Kg8 28. Bxe5
dxe5 29. d6 Bxg5 30. hxg5 Bb7 31. Nf6+ Kh8 32. Qh5 1-0

[Event "IV Scaccomatto FIDE"]
[Site "Torino ITA"]
[Date "2002.11.20"]
[Round "5"]
[White "Godena, Michele"]
[Black "Etchegaray, Patrice"]
[Result "1/2-1/2"]
[WhiteElo "2506"]
[BlackElo "2347"]
[PlyCount "28"]
[EventDate "2002.11.16"]

1. e4 e5 2. Nf3 Nc6 3. Bc4 Bc5 4. d3 Nf6 5. Nc3 d6 6. Bg5 h6 7. Bxf6 Qxf6 8.
Nd5 Qd8 9. c3 a6 10. d4 Ba7 11. h3 O-O 12. O-O Be6 13. a4 exd4 14. cxd4 Nb4
1/2-1/2

[Event "IV Scaccomatto FIDE"]
[Site "Torino ITA"]
[Date "2002.11.20"]
[Round "5"]
[White "Piscopo, Pierluigi"]
[Black "Castaldo, Folco"]
[Result "1/2-1/2"]
[WhiteElo "2272"]
[BlackElo "2338"]
[PlyCount "57"]
[EventDate "2002.11.16"]

1. e4 e6 2. d4 d5 3. Nc3 Nf6 4. Bg5 dxe4 5. Nxe4 Nbd7 6. Nf3 h6 7. Bxf6 Nxf6 8.
Bd3 Nxe4 9. Bxe4 c5 10. d5 exd5 11. Qxd5 Qxd5 12. Bxd5 Be7 13. O-O-O g6 14.
Rhe1 Kf8 15. Ne5 Rh7 16. Rd3 Bf5 17. Bxb7 Bg5+ 18. Kd1 Rb8 19. Nd7+ Bxd7 20.
Rxd7 Rd8 21. Rxd8+ Bxd8 22. Bd5 f6 23. Re6 Rd7 24. c4 Be7 25. Kc2 Rd6 26. Re3
Ra6 27. a3 Rb6 28. g4 Bd6 29. h3 1/2-1/2

[Event "IV Scaccomatto FIDE"]
[Site "Torino ITA"]
[Date "2002.11.21"]
[Round "6"]
[White "Castaldo, Folco"]
[Black "Etchegaray, Patrice"]
[Result "1/2-1/2"]
[WhiteElo "2338"]
[BlackElo "2347"]
[PlyCount "164"]
[EventDate "2002.11.16"]

1. Nf3 Nc6 2. d4 d5 3. Bf4 Bg4 4. e3 e6 5. Be2 Bd6 6. Bxd6 cxd6 7. O-O Nf6 8.
Nbd2 O-O 9. c4 dxc4 10. Nxc4 Rc8 11. Qb3 Qe7 12. Rac1 Ne4 13. Qa3 Qd8 14. Bd3
f5 15. Ncd2 d5 16. Bb5 Nxd2 17. Nxd2 f4 18. Bxc6 bxc6 19. exf4 Rxf4 20. Qe3 Qf6
21. f3 Bh5 22. Nb3 g5 23. Rce1 Re8 24. Qe5 Qd8 25. Nc5 Rf5 26. Qe3 Bg6 27. Nd3
Qb6 28. Rf2 h6 29. Ne5 Bf7 30. Rc2 Rc8 31. b3 Kg7 32. Rc5 Be8 33. Rec1 Qb4 34.
Nd3 Qb7 35. Qxe6 Bd7 36. Qd6 Rf6 37. Qg3 Re8 38. Ne5 Re7 39. h4 Qb4 40. hxg5
Qxd4+ 41. Kf1 Rfe6 42. gxh6+ Kh7 43. Nxd7 Rxd7 44. Rxc6 Qd3+ 45. Kg1 Qe3+ 46.
Qf2 Qxh6 47. Rxe6 Qxe6 48. Re1 Qf6 49. Qc2+ Kg7 50. Qe2 d4 51. Qe5 Qxe5 52.
Rxe5 Kf6 53. Re1 Rc7 54. Rd1 Ke5 55. Rd2 Rc3 56. Kf2 a5 57. Ke2 Re3+ 58. Kd1 d3
59. Rb2 Kd4 60. Rb1 Re2 61. Rc1 Rxg2 62. Rc8 Rxa2 63. f4 Ke3 64. Re8+ Kxf4 65.
Ke1 Rb2 66. Kd1 Kf3 67. Re5 Ra2 68. Re8 Kf4 69. Ke1 Rb2 70. Kd1 Rxb3 71. Kd2 a4
72. Re7 a3 73. Re8 Kf5 74. Re7 Kf6 75. Re8 Kf5 76. Re7 Rb1 77. Ra7 Rb3 78. Re7
Kf6 79. Re8 Rb1 80. Ra8 Ra1 81. Kxd3 Rh1 82. Kc2 a2 1/2-1/2

[Event "IV Scaccomatto FIDE"]
[Site "Torino ITA"]
[Date "2002.11.21"]
[Round "6"]
[White "Sedina, Elena"]
[Black "Sarno, Spartaco"]
[Result "1/2-1/2"]
[WhiteElo "2428"]
[BlackElo "2412"]
[PlyCount "20"]
[EventDate "2002.11.16"]

1. e4 a6 2. d4 h6 3. c4 g6 4. f4 Bg7 5. Nc3 d6 6. Nf3 e6 7. Bd3 Ne7 8. O-O O-O
9. Be3 Nd7 10. Qd2 b6 1/2-1/2

[Event "IV Scaccomatto FIDE"]
[Site "Torino ITA"]
[Date "2002.11.22"]
[Round "7"]
[White "Georgiev, Vladimir"]
[Black "Castaldo, Folco"]
[Result "1-0"]
[WhiteElo "2501"]
[BlackElo "2338"]
[PlyCount "191"]
[EventDate "2002.11.16"]

1. c4 e6 2. Nc3 d5 3. d4 Nf6 4. cxd5 exd5 5. Bg5 c6 6. e3 Be7 7. Bd3 Nbd7 8.
Nf3 Nh5 9. Bxe7 Qxe7 10. Qe2 Ndf6 11. Ne5 g6 12. O-O-O Ng7 13. Kb1 Bf5 14. f3
Bxd3+ 15. Qxd3 Ne6 16. Rhe1 O-O-O 17. Qc2 Kb8 18. Qb3 Ka8 19. Qa4 Rhe8 20. Re2
Nc5 21. Qa5 Ncd7 22. Nxd7 Rxd7 23. Na4 Qd8 24. Qb4 Qe7 25. Qa5 Qd8 26. Qxd8+
Rdxd8 27. Kc2 Re7 28. Kd3 Rde8 29. Nc3 Nh5 30. b4 a6 31. a4 Kb8 32. b5 axb5 33.
axb5 Kc7 34. Ra1 f5 35. bxc6 bxc6 36. Ra7+ Kd6 37. Ra6 Kc7 38. g3 Kb7 39. Raa2
Nf6 40. h3 Kc7 41. g4 Kd6 42. Ra1 Rb8 43. Ra3 Reb7 44. Rea2 Rb2 45. g5 Nd7 46.
e4 fxe4+ 47. fxe4 dxe4+ 48. Nxe4+ Ke6 49. Rxb2 Rxb2 50. Ra6 Rb6 51. Ra3 Rb1 52.
Ra6 Rb6 53. Ra7 Rb1 54. Rc7 Rd1+ 55. Ke3 Re1+ 56. Kf3 Rf1+ 57. Ke2 Rh1 58. Nf2
Rc1 59. Kd2 Rf1 60. Nd3 Kd6 61. Ra7 Rh1 62. Nf2 Rf1 63. Ke3 Re1+ 64. Kd3 Rf1
65. Ra2 Nb6 66. Ne4+ Ke6 67. Ra6 Rb1 68. Nc3 Rb4 69. h4 Rb2 70. Ra7 Nd5 71. Ne4
Nf4+ 72. Kc3 Re2 73. Nc5+ Kf5 74. Rxh7 Nd5+ 75. Kd3 Re3+ 76. Kd2 Re7 77. Rh8
Kg4 78. Nd3 Kf3 79. Ne5+ Ke4 80. Nxc6 Re6 81. Nd8 Ra6 82. Re8+ Kxd4 83. Ne6+
Kc4 84. Rc8+ Kb4 85. Nd4 Ra2+ 86. Kd3 Rh2 87. Rc4+ Ka3 88. Nf3 Rh3 89. Ke4 Ne7
90. Rc5 Kb4 91. Re5 Nf5 92. Rxf5 gxf5+ 93. Kf4 Rh1 94. g6 Ra1 95. g7 Ra8 96. h5
1-0

[Event "IV Scaccomatto FIDE"]
[Site "Torino ITA"]
[Date "2002.11.22"]
[Round "7"]
[White "Godena, Michele"]
[Black "Sedina, Elena"]
[Result "1/2-1/2"]
[WhiteElo "2506"]
[BlackElo "2428"]
[PlyCount "67"]
[EventDate "2002.11.16"]

1. e4 e6 2. d4 d5 3. Nd2 c5 4. exd5 exd5 5. Ngf3 Nc6 6. Bb5 Bd6 7. dxc5 Bxc5 8.
O-O Nge7 9. Nb3 Bd6 10. Be3 O-O 11. Bd3 h6 12. h3 Bf5 13. Re1 Re8 14. c3 Be4
15. Nc5 Bxf3 16. Qxf3 Ne5 17. Qd1 Qc7 18. Nb3 Nxd3 19. Qxd3 Rad8 20. Rad1 Nc6
21. Nd4 Nxd4 22. Bxd4 a6 23. Rxe8+ Rxe8 24. Be3 Rd8 25. Qf5 Qd7 26. Qxd7 Rxd7
27. c4 Be5 28. b3 d4 29. Kf1 d3 30. Bd2 f5 31. f4 Bd4 32. Be1 Bc5 33. Bf2 Bb4
34. Be3 1/2-1/2

[Event "IV Scaccomatto FIDE"]
[Site "Torino ITA"]
[Date "2002.11.23"]
[Round "8"]
[White "Lazic, Miroljub"]
[Black "Godena, Michele"]
[Result "1/2-1/2"]
[WhiteElo "2461"]
[BlackElo "2506"]
[PlyCount "64"]
[EventDate "2002.11.16"]

1. e4 e5 2. Nf3 Nc6 3. d4 exd4 4. Nxd4 Bc5 5. Nxc6 Qf6 6. Qd2 dxc6 7. Nc3 Ne7
8. Bd3 Ng6 9. O-O O-O 10. Kh1 Ne5 11. f4 Nxd3 12. Qxd3 b5 13. Qf3 b4 14. e5 Qg6
15. Na4 Bg4 16. Qg3 Bb6 17. Bd2 a5 18. Be3 Be2 19. Qxg6 fxg6 20. Nxb6 cxb6 21.
Rf2 Bg4 22. h3 Be6 23. Bxb6 g5 24. fxg5 Rxf2 25. Bxf2 Rd8 26. Bc5 Rd5 27. Bd6
Kf7 28. a3 Rd2 29. axb4 axb4 30. Bxb4 Rxc2 31. Bc3 Bd5 32. Rg1 Kg6 1/2-1/2

[Event "IV Scaccomatto FIDE"]
[Site "Torino ITA"]
[Date "2002.11.23"]
[Round "8"]
[White "Piscopo, Pierluigi"]
[Black "Sarno, Spartaco"]
[Result "1/2-1/2"]
[WhiteElo "2272"]
[BlackElo "2412"]
[PlyCount "45"]
[EventDate "2002.11.16"]

1. e4 c6 2. d4 d5 3. e5 c5 4. dxc5 e6 5. Be3 Qc7 6. Nf3 Bxc5 7. Bxc5 Qxc5 8.
Bd3 Nc6 9. Nc3 Nh6 10. Qe2 a6 11. O-O Bd7 12. h3 O-O 13. Rad1 f5 14. exf6 Rxf6
15. Ne5 Nxe5 16. Qxe5 Qb6 17. Ne2 Raf8 18. Qd4 Qxd4 19. Nxd4 e5 20. Nb3 Bc6 21.
c4 g6 22. cxd5 Bxd5 23. Nc5 1/2-1/2

[Event "IV Scaccomatto FIDE"]
[Site "Torino ITA"]
[Date "2002.11.23"]
[Round "8"]
[White "Sedina, Elena"]
[Black "Etchegaray, Patrice"]
[Result "1/2-1/2"]
[WhiteElo "2428"]
[BlackElo "2347"]
[PlyCount "39"]
[EventDate "2002.11.16"]

1. e4 Nf6 2. e5 Nd5 3. d4 d6 4. Bc4 Nb6 5. Bb3 Bf5 6. Qf3 Qc8 7. Ne2 e6 8. Ng3
Bg6 9. exd6 cxd6 10. Nc3 d5 11. Bf4 a6 12. O-O Nc6 13. Nce2 Qd8 14. c3 Rc8 15.
Rfe1 Be7 16. Nc1 Na5 17. Qe2 Nac4 18. Bc2 Nd7 19. Nd3 O-O 20. Rad1 1/2-1/2

[Event "IV Scaccomatto FIDE"]
[Site "Torino ITA"]
[Date "2002.11.24"]
[Round "9"]
[White "Godena, Michele"]
[Black "Piscopo, Pierluigi"]
[Result "1/2-1/2"]
[WhiteElo "2506"]
[BlackElo "2272"]
[PlyCount "52"]
[EventDate "2002.11.16"]

1. e4 c5 2. Nf3 e6 3. c3 d5 4. exd5 exd5 5. d4 Nf6 6. Bg5 cxd4 7. Bb5+ Bd7 8.
Bxd7+ Nbxd7 9. O-O Be7 10. Nxd4 O-O 11. Nd2 Re8 12. Re1 Bd6 13. Rxe8+ Qxe8 14.
Nf1 Qe4 15. Qc2 Be5 16. Ng3 Qxc2 17. Nxc2 Nc5 18. Rd1 Na4 19. Bc1 Re8 20. Nf5
g6 21. Nfe3 Rd8 22. Kf1 Rd7 23. g3 h5 24. Nd4 a6 25. h3 Bb8 26. Ndc2 Nb6
1/2-1/2

[Event "IV Scaccomatto FIDE"]
[Site "Torino ITA"]
[Date "2002.11.24"]
[Round "9"]
[White "Sarno, Spartaco"]
[Black "Georgiev, Vladimir"]
[Result "1/2-1/2"]
[WhiteElo "2412"]
[BlackElo "2501"]
[PlyCount "21"]
[EventDate "2002.11.16"]

1. d4 d5 2. c4 e6 3. Nc3 Nf6 4. cxd5 exd5 5. Bg5 c6 6. e3 Be7 7. Bd3 Nbd7 8.
Qc2 O-O 9. Nf3 Re8 10. O-O Nf8 11. Rae1 1/2-1/2

[Event "Torneo FIDE"]
[Site "Taormina ITA"]
[Date "2002.11.15"]
[Round "1"]
[White "Bonani, Georg"]
[Black "Aleksic, Nenad"]
[Result "0-1"]
[WhiteElo "1743"]
[BlackElo "2385"]
[PlyCount "50"]
[EventDate "2002.11.15"]

1. e4 c5 2. Nf3 d6 3. d4 cxd4 4. Nxd4 Nf6 5. Nc3 a6 6. Bg5 e6 7. f4 Qc7 8. Qf3
Nc6 9. O-O-O Bd7 10. g4 Be7 11. h3 Rc8 12. Rh2 Nxd4 13. Rxd4 Bc6 14. Qd1 O-O
15. Rhd2 b5 16. Bg2 e5 17. R4d3 b4 18. Nd5 Bxd5 19. exd5 exf4 20. Bxf4 Nd7 21.
g5 Nc5 22. Rd4 b3 23. a3 bxc2 24. Rxc2 Nb3+ 25. Kb1 Qxc2+ 0-1

[Event "Torneo FIDE"]
[Site "Taormina ITA"]
[Date "2002.11.15"]
[Round "1"]
[White "Isonzo, David"]
[Black "Fabiano, Giuseppe"]
[Result "1-0"]
[WhiteElo "2338"]
[BlackElo "2278"]
[PlyCount "91"]
[EventDate "2002.11.15"]

1. e4 e5 2. Nf3 Nf6 3. Nxe5 d6 4. Nf3 Nxe4 5. d4 d5 6. Bd3 Nc6 7. O-O Bg4 8. c4
Be7 9. cxd5 Qxd5 10. Nc3 Nxc3 11. bxc3 O-O-O 12. Re1 Bxf3 13. Qxf3 Qxf3 14.
gxf3 Bf6 15. Bf4 g6 16. Rab1 a6 17. Re2 Rhe8 18. Reb2 Na5 19. Rxb7 Nxb7 20.
Bxa6 Re6 21. Bxb7+ Kd7 22. d5 Rb6 23. Rxb6 cxb6 24. Bc6+ Kc8 25. Be3 Kc7 26. c4
Be7 27. a4 Bd6 28. h3 f5 29. Kf1 Rf8 30. a5 bxa5 31. c5 Be5 32. Bd2 Rb8 33.
Bxa5+ Kc8 34. d6 Rb1+ 35. Kg2 Bf6 36. d7+ Kb8 37. d8=Q+ Bxd8 38. Bxd8 Rc1 39.
Be7 Kc7 40. Bd5 Rd1 41. Bd6+ Kd7 42. Bg8 g5 43. Bxh7 f4 44. Bf5+ Kc6 45. Be4+
Kd7 46. Bb8 1-0

[Event "Torneo FIDE"]
[Site "Taormina ITA"]
[Date "2002.11.15"]
[Round "1"]
[White "Ljubisavljevic, Zivojin Z."]
[Black "Garcia Castro, Pablo"]
[Result "1-0"]
[WhiteElo "2288"]
[BlackElo "2330"]
[PlyCount "75"]
[EventDate "2002.11.15"]

1. d4 Nf6 2. Nf3 g6 3. Nc3 d5 4. Bg5 Bg7 5. Bxf6 exf6 6. e3 O-O 7. Ne2 Re8 8.
Nf4 Qd6 9. Nd3 b6 10. c3 c5 11. Be2 Bh6 12. dxc5 bxc5 13. b4 Nd7 14. Nxc5 Nxc5
15. bxc5 Qxc5 16. Qd4 Qa5 17. O-O Bg7 18. Qb4 Qc7 19. Rac1 Rb8 20. Qa3 Bf8 21.
Qa4 Bd7 22. Qh4 Re4 23. Qxf6 Be7 24. Qa6 Ra4 25. Qd3 Rxa2 26. Nd4 Rbb2 27. c4
dxc4 28. Rxc4 Qd8 29. Rc2 Bb5 30. Rxb2 Bxd3 31. Rxa2 Bxe2 32. Rxe2 Bc5 33. Rd2
Qb6 34. h4 h5 35. Nf3 a5 36. Rd7 a4 37. Ng5 f6 38. Ne4 1-0

[Event "Torneo FIDE"]
[Site "Taormina ITA"]
[Date "2002.11.15"]
[Round "1"]
[White "Ortega, Lexy"]
[Black "Cappadona, Salvatore"]
[Result "1-0"]
[WhiteElo "2452"]
[BlackElo "2192"]
[PlyCount "107"]
[EventDate "2002.11.15"]

1. d4 Nf6 2. Nf3 g6 3. c4 c5 4. d5 b5 5. cxb5 a6 6. bxa6 Bxa6 7. Nc3 Bg7 8. g3
d6 9. Bg2 Nbd7 10. O-O O-O 11. Rb1 Nb6 12. b3 Nfd7 13. Bb2 Ne5 14. Nxe5 Bxe5
15. Qd2 Rb8 16. Rfd1 Nd7 17. Na4 Rb4 18. Qc2 Bxb2 19. Rxb2 Qb8 20. a3 Rb7 21.
Rdb1 Qa7 22. Bf1 Ne5 23. h3 Rfb8 24. Nc3 Rc7 25. Kg2 Qa8 26. f4 Nd7 27. Kh2 Nf6
28. Bg2 Bc8 29. e4 Bd7 30. Ra2 Ra7 31. a4 Rb4 32. Bf1 Qc8 33. Qg2 Qb8 34. Bc4
Rab7 35. Re1 Nh5 36. e5 Ng7 37. g4 Bc8 38. e6 f6 39. Nb5 Qa8 40. f5 Qa5 41.
Ree2 Ne8 42. g5 Kg7 43. fxg6 hxg6 44. gxf6+ exf6 45. Re3 Qd8 46. Rg3 g5 47. h4
Kh8 48. hxg5 Rh7+ 49. Rh3 fxg5 50. Rxh7+ Kxh7 51. Rf2 Rxc4 52. bxc4 Kg6 53.
Qe4+ Kh6 54. Qf5 1-0

[Event "Torneo FIDE"]
[Site "Taormina ITA"]
[Date "2002.11.15"]
[Round "1"]
[White "Tomescu, Vlad"]
[Black "Bonaccorsi, Fabrizio"]
[Result "1-0"]
[WhiteElo "2432"]
[BlackElo "2170"]
[PlyCount "111"]
[EventDate "2002.11.15"]

1. e4 c5 2. Nf3 Nc6 3. d4 cxd4 4. Nxd4 e5 5. Nb5 a6 6. Nd6+ Bxd6 7. Qxd6 Qf6 8.
Qxf6 Nxf6 9. f3 d5 10. exd5 Nxd5 11. c3 Be6 12. Na3 Rd8 13. Bd2 O-O 14. g3 Rfe8
15. Be2 Bh3 16. O-O-O e4 17. fxe4 Nf6 18. Bg5 Rxd1+ 19. Bxd1 Nxe4 20. Re1 Bd7
21. Bf4 Nc5 22. Rxe8+ Bxe8 23. Be2 b5 24. b4 Ne6 25. Bd6 Ncd8 26. c4 bxc4 27.
Nxc4 Nb7 28. Be5 Bc6 29. Kb2 Ng5 30. h4 Nf3 31. Kb3 Kf8 32. Kc3 f6 33. Bc7 Ke7
34. Na5 Nxa5 35. Bxa5 g5 36. hxg5 fxg5 37. Bc4 Bb7 38. Bc7 h5 39. a4 Kd7 40.
Bb8 Kc8 41. Ba7 h4 42. gxh4 gxh4 43. Be3 Kd7 44. Bf1 Ke6 45. Bh3+ Ke5 46. Bd7
Ke4 47. Bb6 Ng5 48. Bc7 Kf3 49. Kd4 h3 50. Kc5 Be4 51. Kb6 Bd3 52. a5 Kg2 53.
b5 Ne6 54. Bxe6 Bxb5 55. Bc8 Be2 56. Bxa6 1-0

[Event "Torneo FIDE"]
[Site "Taormina ITA"]
[Date "2002.11.16"]
[Round "2"]
[White "Aleksic, Nenad"]
[Black "Tomescu, Vlad"]
[Result "1/2-1/2"]
[WhiteElo "2385"]
[BlackElo "2432"]
[PlyCount "34"]
[EventDate "2002.11.15"]

1. e4 e5 2. Nf3 Nc6 3. d3 Nf6 4. c3 Be7 5. Be2 O-O 6. O-O d5 7. Nbd2 Re8 8. b3
Bf8 9. Bb2 h6 10. Re1 a6 11. Bf1 dxe4 12. dxe4 Bg4 13. Qc2 Bc5 14. h3 Bxf3 15.
Nxf3 Qe7 16. b4 Bb6 17. Rad1 Rad8 1/2-1/2

[Event "Torneo FIDE"]
[Site "Taormina ITA"]
[Date "2002.11.16"]
[Round "2"]
[White "Bonaccorsi, Fabrizio"]
[Black "Isonzo, David"]
[Result "1/2-1/2"]
[WhiteElo "2170"]
[BlackElo "2338"]
[PlyCount "28"]
[EventDate "2002.11.15"]

1. e4 c5 2. Nf3 d6 3. d4 cxd4 4. Nxd4 Nf6 5. Nc3 g6 6. Be3 Bg7 7. f3 Nc6 8. Qd2
O-O 9. O-O-O Nxd4 10. Bxd4 Be6 11. Kb1 a6 12. g4 b5 13. h4 Re8 14. Nd5 Bxd5
1/2-1/2

[Event "Torneo FIDE"]
[Site "Taormina ITA"]
[Date "2002.11.16"]
[Round "2"]
[White "Cappadona, Salvatore"]
[Black "Pircher, Karl"]
[Result "1-0"]
[WhiteElo "2192"]
[BlackElo "2058"]
[PlyCount "61"]
[EventDate "2002.11.15"]

1. Nf3 d5 2. b3 Nf6 3. Bb2 c5 4. e3 Nc6 5. Bb5 Qb6 6. Bxc6+ Qxc6 7. Ne5 Qc7 8.
O-O e6 9. d3 Bd6 10. f4 b6 11. Nd2 Bb7 12. Ndf3 h6 13. a4 a5 14. Qe2 Ba6 15. c4
Bb7 16. Rac1 Qe7 17. Ba1 Rg8 18. Rc2 Bc7 19. Re1 O-O-O 20. Rec1 Kb8 21. d4 Ne4
22. cxd5 exd5 23. dxc5 bxc5 24. Nd4 Bxe5 25. Nf5 Qd7 26. Bxe5+ Ka7 27. Ng3 Ba6
28. Qe1 Nxg3 29. hxg3 Qb7 30. Rxc5 Qxb3 31. Bd4 1-0

[Event "Torneo FIDE"]
[Site "Taormina ITA"]
[Date "2002.11.16"]
[Round "2"]
[White "Garcia Castro, Pablo"]
[Black "Rodriguez Boado, Martin"]
[Result "1-0"]
[WhiteElo "2330"]
[BlackElo "2179"]
[PlyCount "79"]
[EventDate "2002.11.15"]

1. e4 Nf6 2. d3 d5 3. Nd2 Nbd7 4. Ngf3 dxe4 5. dxe4 Nc5 6. Qe2 b6 7. e5 Nd5 8.
Ne4 Ba6 9. Qxa6 Nxa6 10. Bb5+ Qd7 11. Bxd7+ Kxd7 12. a3 e6 13. b4 h6 14. c4 Ne7
15. O-O Ng6 16. h4 Be7 17. h5 Nh4 18. Nxh4 Bxh4 19. Rd1+ Kc8 20. Be3 Be7 21.
Rac1 Rd8 22. g4 Kb7 23. f4 c5 24. b5 Nc7 25. f5 Ne8 26. Kf2 Kc7 27. Bf4 a6 28.
f6 Bf8 29. fxg7 Bxg7 30. g5 axb5 31. gxh6 Bh8 32. Ng5 Rd7 33. Rxd7+ Kxd7 34.
Nxf7 Nc7 35. Rd1+ Ke7 36. Bg5+ Kxf7 37. Rd7+ Kf8 38. Rxc7 Bxe5 39. h7 Bg7 40.
Bh6 1-0

[Event "Torneo FIDE"]
[Site "Taormina ITA"]
[Date "2002.11.16"]
[Round "2"]
[White "Ljubisavljevic, Zivojin Z."]
[Black "Bonani, Georg"]
[Result "1-0"]
[WhiteElo "2288"]
[BlackElo "1743"]
[PlyCount "61"]
[EventDate "2002.11.15"]

1. b3 e5 2. Bb2 Nc6 3. e3 Nf6 4. Bb5 d6 5. Nf3 Bd7 6. d4 exd4 7. Nxd4 Be7 8.
Nxc6 bxc6 9. Bd3 d5 10. h3 O-O 11. Nd2 Re8 12. g4 Bc5 13. Qf3 Qe7 14. O-O-O Ba3
15. g5 Bxb2+ 16. Kxb2 Ne4 17. Bxe4 dxe4 18. Qxe4 Qxe4 19. Nxe4 Rxe4 20. Rxd7
Rc8 21. Rhd1 Kf8 22. R7d4 Rxd4 23. Rxd4 Ke7 24. Kc3 Rb8 25. Rb4 Re8 26. Re4+
Kd7 27. Rxe8 Kxe8 28. Kd4 Kd7 29. Kc5 f6 30. gxf6 gxf6 31. a4 1-0

[Event "Torneo FIDE"]
[Site "Taormina ITA"]
[Date "2002.11.17"]
[Round "3"]
[White "Bonani, Georg"]
[Black "Garcia Castro, Pablo"]
[Result "0-1"]
[WhiteElo "1743"]
[BlackElo "2330"]
[PlyCount "58"]
[EventDate "2002.11.15"]

1. e4 g6 2. d4 Bg7 3. Nf3 c6 4. c4 d6 5. h3 Nf6 6. Nc3 O-O 7. Be3 Qa5 8. Bd3 e5
9. d5 Nh5 10. O-O Nf4 11. Qd2 f5 12. Rad1 Nxh3+ 13. gxh3 f4 14. Kg2 fxe3 15.
Qxe3 Nd7 16. Nh2 Nf6 17. Be2 c5 18. Qg5 Qd8 19. h4 a6 20. f4 exf4 21. Rxf4 b5
22. Rdf1 bxc4 23. Bxc4 Rb8 24. b3 Bd7 25. e5 dxe5 26. Qxe5 Bf5 27. d6+ Kh8 28.
Nd5 Nh5 29. Qe1 Nxf4+ 0-1

[Event "Torneo FIDE"]
[Site "Taormina ITA"]
[Date "2002.11.17"]
[Round "3"]
[White "Isonzo, David"]
[Black "Aleksic, Nenad"]
[Result "1/2-1/2"]
[WhiteElo "2338"]
[BlackElo "2385"]
[PlyCount "24"]
[EventDate "2002.11.15"]

1. e4 d5 2. exd5 Qxd5 3. Nc3 Qd8 4. d4 Nf6 5. Nf3 c6 6. Bc4 e6 7. O-O Be7 8.
Re1 O-O 9. Bb3 Nbd7 10. Qe2 Nb6 11. Bg5 Nbd5 12. Ne4 Nxe4 1/2-1/2

[Event "Torneo FIDE"]
[Site "Taormina ITA"]
[Date "2002.11.17"]
[Round "3"]
[White "Ortega, Lexy"]
[Black "Bonaccorsi, Fabrizio"]
[Result "1-0"]
[WhiteElo "2452"]
[BlackElo "2170"]
[PlyCount "95"]
[EventDate "2002.11.15"]

1. d4 Nf6 2. Nf3 g6 3. c4 Bg7 4. g3 O-O 5. Bg2 d6 6. O-O Nc6 7. Nc3 e5 8. d5
Ne7 9. e4 Nd7 10. Ne1 f5 11. Nd3 Nf6 12. Bg5 Nxe4 13. Nxe4 fxe4 14. Bxe7 Qxe7
15. Bxe4 Bh3 16. Re1 Qg5 17. Rc1 Rf7 18. f3 h5 19. Nf2 Bf5 20. Rc3 b6 21. Kg2
Bh6 22. Re2 a5 23. b3 Raf8 24. a3 Ra8 25. b4 Bf8 26. Qb1 Bh6 27. Qb3 axb4 28.
axb4 Ra1 29. Qb2 Ra4 30. Bc2 Ra8 31. Qb1 Bg7 32. Be4 Bh6 33. c5 bxc5 34. bxc5
Ra4 35. cxd6 cxd6 36. Rb2 Raa7 37. h4 Qf6 38. Rb8+ Bf8 39. Bxf5 gxf5 40. Rcc8
Rad7 41. Nh3 Qh6 42. Ng5 Rf6 43. Qb5 Re7 44. Re8 Ref7 45. Re6 Qg7 46. Qc6 f4
47. Qxd6 fxg3 48. Nxf7 1-0

[Event "Torneo FIDE"]
[Site "Taormina ITA"]
[Date "2002.11.17"]
[Round "3"]
[White "Pircher, Karl"]
[Black "Fabiano, Giuseppe"]
[Result "1/2-1/2"]
[WhiteElo "2058"]
[BlackElo "2278"]
[PlyCount "31"]
[EventDate "2002.11.15"]

1. d4 Nf6 2. c4 g6 3. Nc3 Bg7 4. e4 d6 5. Nf3 O-O 6. Be2 e5 7. O-O Nbd7 8. Re1
c6 9. Rb1 a6 10. Bf1 exd4 11. Nxd4 Re8 12. f3 d5 13. cxd5 cxd5 14. exd5 Rxe1
15. Qxe1 Qb6 16. Be3 1/2-1/2